Problemática del soldado durante la Guerra del Pacífico

Kaydedildi:
Detaylı Bibliyografya
Yazar: Rodríguez Rautcher, Sergio (Yazar)
Materyal Türü: Kitap
Dil:İspanyolca
Baskı/Yayın Bilgisi: Santiago, Chile Edimpres 1984
Seri Bilgileri:Colección Biblioteca Militar, 70-1
Konular:
Etiketler: Etiketle
Etiket eklenmemiş, İlk siz ekleyin!

MARC

LEADER 00000nam a2200000 a 4500
001 UCO2145
003 CL-VaPUC
005 20201106001332.0
008 000602e19840000CL |||||||||||||||||spa|d
999 |c 288684  |d 288682 
040 |c Pontificia Universidad Católica de Valparaíso 
082 0 4 |a 983.061 ROD 1984  |2 21 
100 0 |a Rodríguez Rautcher, Sergio  |e author  |9 445025 
245 1 0 |a Problemática del soldado durante la Guerra del Pacífico 
260 |a Santiago, Chile  |b Edimpres  |c 1984 
300 |a 187 páginas 
490 0 |a Colección Biblioteca Militar,  |v  70-1 
583 |a last modification  |c 20000602 00:00:00  |k Rodrigo Vera 
650 7 |a HISTORIA DE CHILE  |2 CL-VaPUC  |9 443792  |y 1879-1884 
650 0 |a Guerra del Pacífico  |z CHILE  |9 314886 
852 |a BIBCUR 
942 |c BK  |2 ddc 
945 |d 20000602 00:00:00  |a crobeson 
952 |0 0  |1 0  |2 ddc  |4 0  |6 983_061000000000000_ROD_1984  |7 0  |8 A  |9 336545  |a BIBHIS  |b BIBHIS  |d 2019-11-20  |i 1279378  |o 983.061 ROD 1984  |p 1279378  |r 2025-01-20  |t 1  |w 2019-11-20  |y BK  |k HIS